000 00423nam a2200181Ia 4500
001 7943
003 IN-NITTTR
005 20251114233033.0
008 251113s9999||||xx |||||||||||||| ||eng||
040 _beng
040 _cIN-NITTTR
041 _aeng
082 _a624.1834 P22R
100 _aPark, R.
245 0 _aReinforced concrete structures. /
_cPark, R., Paulay, T.
700 _a Paulay, T.
942 _2ddc
_cBK
999 _c10581
_d10581